Top 5 Songs On The Smiths (The Smiths) - Statistics

General Stats
  • This quiz has been taken 19 times
  • The average score is 3 of 5
Answer Stats
Hint Answer % Correct
346,558,232 This Charming Man
100%
34,725,074 Still Ill
73%
31,320,282 Hand In Glove
60%
25,384,936 What Difference Does It Make?
47%
33,298,842 Pretty Girls Make Graves
40%
No matching quizzes found
Score Distribution
Percent of People with Each Score
Percentile by Number Answered
Your Score History
You have not taken this quiz